Catálogo

El docente de educación virtual : (Registro nro. 67065)

Detalles MARC
000 -LEADER
fixed length control field 01046nam a2200301 u 4500
001 - CONTROL NUMBER
control field 67065
005 - DATE AND TIME OF LATEST TRANSACTION
control field 20191007111042.0
008 - FIXED-LENGTH DATA ELEMENTS--GENERAL INFORMATION
fixed length control field 170330s2012 sp a r 000 0 spa d
020 ## - INTERNATIONAL STANDARD BOOK NUMBER
International Standard Book Number 9788427717480
040 ## - CATALOGING SOURCE
Description conventions rda
041 0# - LANGUAGE CODE
Language code of text/sound track or separate title spa
082 0# - DEWEY DECIMAL CLASSIFICATION NUMBER
Classification number 378.1734
Item number ALO
100 1# - MAIN ENTRY--PERSONAL NAME
Personal name Alonso Díaz, Laura,
Relator term autor
245 13 - TITLE STATEMENT
Title El docente de educación virtual :
Remainder of title guía básica /
Statement of responsibility, etc. Laura Alonso Díaz, Florentino Blázquez Entonado.
250 ## - EDITION STATEMENT
Edition statement [Primera edición]
264 #1 - PRODUCTION, PUBLICATION, DISTRIBUTION, MANUFACTURE, AND COPYRIGHT NOTICE
Place of production, publication, distribution, manufacture España :
Name of producer, publisher, distributor, manufacturer Narcea,
Date of production, publication, distribution, manufacture, or copyright notice 2012
300 ## - PHYSICAL DESCRIPTION
Extent 174 páginas :
Other physical details ilustraciones ;
Dimensions 23 cm.
336 ## - CONTENT TYPE
Content type term texto
Source rdacontent
Content type code txt
337 ## - MEDIA TYPE
Media type term sin medio
Source rdamedia
Media type code n
338 ## - CARRIER TYPE
Carrier type term volumen
Source rdacarrier
Carrier type code nc
490 0# - SERIES STATEMENT
Series statement Universitaria
500 ## - GENERAL NOTE
General note Incluye orientaciones y ejemplos del uso de educativo de Moodle
650 #4 - SUBJECT ADDED ENTRY--TOPICAL TERM
Topical term or geographic name entry element Moodle (programa de computadora)
650 #4 - SUBJECT ADDED ENTRY--TOPICAL TERM
Topical term or geographic name entry element Enseñanza superior
General subdivision Informática
650 #4 - SUBJECT ADDED ENTRY--TOPICAL TERM
Topical term or geographic name entry element Enseñanza superior
General subdivision Innovaciones
700 1# - ADDED ENTRY--PERSONAL NAME
Personal name Blázquez Entonado, Florentino,
Relator term autor
942 ## - ADDED ENTRY ELEMENTS (KOHA)
Classification part 378.1734
Item part ALO
Koha item type Libro
Existencias
Withdrawn status Lost status Source of classification or shelving scheme Damaged status Not for loan Collection code Home library Current library Shelving location Date acquired Source of acquisition Inventory number Total Checkouts Full call number Barcode Date last seen Date last checked out Price effective from Koha item type
    Dewey Decimal Classification     General Biblioteca Karol Wojtyla Biblioteca Karol Wojtyla Sala general 05/04/2017 Compra 151000000000000000045275   378.1734 ALO 2012 97308 05/01/2026 14/09/2017 05/04/2017 Libro
    Dewey Decimal Classification     General Biblioteca Karol Wojtyla Biblioteca Karol Wojtyla Sala general 30/03/2017 Compra 151000000000000000045274 1 378.1734 ALO 2012 97307 05/01/2026 29/04/2024 05/04/2017 Libro